000 00874cad a22002055a 4500
001 E148382
008 090911c xxkqr wf 000 0 eng d
035 _a(Sirsi) u148382
041 0 _aeng
110 2 _aInstitute of Chartered Accountants in England and Wales
_92450
245 0 0 _aUK business confidence monitor report
_bScotland
_h[electronic resource]
260 _aLondon
_bICAEW
_c[200-?]-
362 0 _a4th Quarter 2007-
520 _aLooks at issues related to business confidence in Scotland, including business financial performance and trends in business confidence.
554 _aFour per year
651 4 _aScotland
_y1999-
690 _aMANAGEMENT-BUSINESS MANAGEMENT
856 4 0 _uhttps://www.icaew.com/index.cfm/route/151990/icaew_ga/en/Home/About_us/ICAEW_Business_Confidence_Monitor_BCM
_zView the reports free of charge at www.icaew.com...
942 _n0
999 _c119242
_d119242